[Event "Team Championship of Russia (rapid)"]
[Site "Sochi"]
[Date "2015.05.08"]
[Round "3.21"]
[White "Kamsky, Gata"]
[Black "Reshetnikov, Alexey"]
[Result "1-0"]
[LiveChessVersion "1.4.4"]
[BlackElo "2390"]
[WhiteElo "2675"]
[BlackTeam "Our heritage - Junior"]
[WhiteTeam "Ladya"]

1. d4 {[%clk 0:15:17]} d5 {[%clk 0:15:19]} 2. Bf4 {[%clk 0:15:21]} c5
{[%clk 0:15:23]} 3. e3 {[%clk 0:15:25]} Nc6 {[%clk 0:15:28]} 4. c3
{[%clk 0:15:23]} Qb6 {[%clk 0:15:08]} 5. Qb3 {[%clk 0:13:55]} c4 {[%clk 0:15:16]}
6. Qc2 {[%clk 0:14:03]} Bf5 {[%clk 0:15:05]} 7. Qxf5 {[%clk 0:13:38]} Qxb2
{[%clk 0:15:11]} 8. Qxd5 {[%clk 0:13:46]} Qxa1 {[%clk 0:13:15]} 9. Qb5
{[%clk 0:13:55]} O-O-O {[%clk 0:13:16]} 10. Nf3 {[%clk 0:12:52]} Rd5
{[%clk 0:10:34]} 11. Qxd5 {[%clk 0:10:44]} Qxb1+ {[%clk 0:10:42]} 12. Ke2
{[%clk 0:10:53]} Qd3+ {[%clk 0:10:40]} 13. Ke1 {[%clk 0:11:02]} Qxc3+
{[%clk 0:08:07]} 14. Nd2 {[%clk 0:10:33]} e5 {[%clk 0:08:09]} 15. g3
{[%clk 0:06:22]} exf4 {[%clk 0:07:11]} 16. Qf5+ {[%clk 0:05:19]} Kc7
{[%clk 0:06:47]} 17. Qxf4+ {[%clk 0:04:47]} Bd6 {[%clk 0:03:53]} 18. Qxf7+
{[%clk 0:04:54]} Nge7 {[%clk 0:04:02]} 19. Qxc4 {[%clk 0:04:32]} Qa1+
{[%clk 0:02:50]} 20. Ke2 {[%clk 0:04:38]} Bb4 {[%clk 0:02:40]} 21. Bg2
{[%clk 0:04:43]} Qb2 {[%clk 0:02:41]} 22. Rd1 {[%clk 0:04:52]} Kb8
{[%clk 0:02:35]} 23. Qb3 {[%clk 0:04:51]} Qxb3 {[%clk 0:02:29]} 24. Nxb3
{[%clk 0:04:56]} Rd8 {[%clk 0:02:28]} 25. d5 {[%clk 0:04:41]} Ne5
{[%clk 0:01:55]} 26. f4 {[%clk 0:04:47]} Nc4 {[%clk 0:01:50]} 27. e4
{[%clk 0:04:56]} a5 {[%clk 0:01:51]} 28. Nd4 {[%clk 0:04:45]} Nd6
{[%clk 0:01:10]} 29. e5 {[%clk 0:04:23]} Ndf5 {[%clk 0:00:37]} 30. Nb5
{[%clk 0:03:44]} h5 {[%clk 0:00:36]} 31. Be4 {[%clk 0:03:48]} g6 {[%clk 0:00:30]}
32. a4 {[%clk 0:03:57]} Nc8 {[%clk 0:00:29]} 33. d6 {[%clk 0:03:52]} Nb6
{[%clk 0:00:15]} 34. Bc2 {[%clk 0:03:14]} Rc8 {[%clk 0:00:21]} 35. Bb3
{[%clk 0:03:18]} Rd8 {[%clk 0:00:14]} 36. Kf3 {[%clk 0:03:25]} Nc8
{[%clk 0:00:22]} 37. d7 {[%clk 0:03:16]} Nce7 {[%clk 0:00:27]} 38. Ke4
{[%clk 0:03:09]} Nc6 {[%clk 0:00:34]} 39. Bf7 {[%clk 0:03:16]} Nfe7
{[%clk 0:00:43]} 40. Be8 {[%clk 0:03:16]} Na7 {[%clk 0:00:51]} 41. Nd4
{[%clk 0:03:24]} 1-0

[Event "Team Championship of Russia (rapid)"]
[Site "Sochi"]
[Date "2015.05.08"]
[Round "3.22"]
[White "Vavulin, Maksim"]
[Black "Artemiev, Vladislav"]
[Result "0-1"]
[LiveChessVersion "1.4.4"]
[BlackElo "2562"]
[WhiteElo "2307"]
[BlackTeam "Ladya"]
[WhiteTeam "Our heritage - Junior"]

1. e4 {[%clk 0:15:19]} c5 {[%clk 0:15:10]} 2. Nf3 {[%clk 0:15:27]} a6
{[%clk 0:15:17]} 3. c3 {[%clk 0:15:19]} e6 {[%clk 0:15:25]} 4. d4
{[%clk 0:15:15]} d5 {[%clk 0:15:33]} 5. exd5 {[%clk 0:15:18]} exd5
{[%clk 0:15:42]} 6. Be3 {[%clk 0:15:25]} cxd4 {[%clk 0:15:47]} 7. Nxd4
{[%clk 0:15:21]} Nf6 {[%clk 0:15:30]} 8. Be2 {[%clk 0:15:25]} Bd6
{[%clk 0:15:37]} 9. Nd2 {[%clk 0:15:17]} O-O {[%clk 0:15:44]} 10. Qc2
{[%clk 0:15:17]} Nc6 {[%clk 0:15:35]} 11. h3 {[%clk 0:14:23]} Re8
{[%clk 0:15:36]} 12. N2f3 {[%clk 0:14:15]} Rxe3 {[%clk 0:14:23]} 13. fxe3
{[%clk 0:14:23]} Bg3+ {[%clk 0:14:32]} 14. Kd1 {[%clk 0:13:49]} Qe7
{[%clk 0:13:48]} 15. Bd3 {[%clk 0:13:33]} Bd7 {[%clk 0:13:01]} 16. Qe2
{[%clk 0:13:02]} Na5 {[%clk 0:12:51]} 17. Kc2 {[%clk 0:12:46]} Ba4+
{[%clk 0:12:39]} 18. b3 {[%clk 0:11:47]} Bd7 {[%clk 0:12:47]} 19. Rac1
{[%clk 0:11:12]} b5 {[%clk 0:11:46]} 20. Kb1 {[%clk 0:11:03]} Nb7
{[%clk 0:11:49]} 21. Nf5 {[%clk 0:09:09]} Bxf5 {[%clk 0:11:56]} 22. Bxf5
{[%clk 0:09:18]} Nc5 {[%clk 0:11:35]} 23. Nd4 {[%clk 0:09:21]} g6
{[%clk 0:11:00]} 24. Bd3 {[%clk 0:08:58]} Rc8 {[%clk 0:11:09]} 25. Rhf1
{[%clk 0:08:21]} Be5 {[%clk 0:10:50]} 26. Qc2 {[%clk 0:07:34]} Nfd7
{[%clk 0:10:39]} 27. Qd2 {[%clk 0:06:09]} Bg7 {[%clk 0:10:33]} 28. Bc2
{[%clk 0:06:12]} Bh6 {[%clk 0:08:35]} 29. Qe2 {[%clk 0:05:32]} Nf6
{[%clk 0:08:21]} 30. Kb2 {[%clk 0:05:05]} Bg7 {[%clk 0:08:15]} 31. Bb1
{[%clk 0:04:16]} Qb7 {[%clk 0:07:34]} 32. a3 {[%clk 0:01:52]} Rb8
{[%clk 0:07:28]} 33. Rfd1 {[%clk 0:01:38]} Nfd7 {[%clk 0:06:37]} 34. g4
{[%clk 0:00:59]} Ne5 {[%clk 0:05:41]} 35. Qg2 {[%clk 0:00:59]} a5
{[%clk 0:05:19]} 36. Qe2 {[%clk 0:00:21]} Qd7 {[%clk 0:04:13]} 37. Ka2
{[%clk 0:00:22]} Qe8 {[%clk 0:03:34]} 38. Qg2 {[%clk 0:00:15]} Qd7
{[%clk 0:02:45]} 39. e4 {[%clk 0:00:14]} dxe4 {[%clk 0:01:57]} 40. Bxe4
{[%clk 0:00:20]} Qc7 {[%clk 0:01:31]} 41. Bd5 {[%clk 0:00:16]} Ncd3
{[%clk 0:00:53]} 42. Rc2 {[%clk 0:00:20]} Qb6 {[%clk 0:00:20]} 43. Qe4
{[%clk 0:00:14]} Nc5 {[%clk 0:00:27]} 44. Qe2 {[%clk 0:00:17]} Ncd7
{[%clk 0:00:14]} 45. Qf2 {[%clk 0:00:21]} Nf6 {[%clk 0:00:15]} 46. Bg2
{[%clk 0:00:22]} a4 {[%clk 0:00:13]} 47. b4 {[%clk 0:00:27]} Qc7 {[%clk 0:00:22]}
48. Qe2 {[%clk 0:00:29]} Nc4 {[%clk 0:00:16]} 49. Bc6 {[%clk 0:00:21]} Bh6
{[%clk 0:00:16]} 50. Bxb5 {[%clk 0:00:15]} Ne3 {[%clk 0:00:25]} 51. Bxa4
{[%clk 0:00:19]} Ne4 {[%clk 0:00:19]} 52. Rd3 {[%clk 0:00:14]} Nxc2
{[%clk 0:00:28]} 53. Qxc2 {[%clk 0:00:22]} Bg7 {[%clk 0:00:29]} 54. Bb3
{[%clk 0:00:16]} Rc8 {[%clk 0:00:39]} 55. Nb5 {[%clk 0:00:14]} Qb6
{[%clk 0:00:18]} 56. a4 {[%clk 0:00:13]} Ra8 {[%clk 0:00:11]} 57. Bd5
{[%clk 0:00:14]} Qxb5 {[%clk 0:00:15]} 58. Bxa8 {[%clk 0:00:23]} Qc4+
{[%clk 0:00:24]} 59. Ka3 {[%clk 0:00:16]} Nxc3 {[%clk 0:00:32]} 60. Bd5
{[%clk 0:00:14]} Nb5+ {[%clk 0:00:36]} 61. axb5 {[%clk 0:00:19]} Qxc2
{[%clk 0:00:45]} 62. Rb3 {[%clk 0:00:23]} Qd1 {[%clk 0:00:48]} 0-1

[Event "Team Championship of Russia (rapid)"]
[Site "Sochi"]
[Date "2015.05.08"]
[Round "3.23"]
[White "Timofeev, Artyom"]
[Black "Savenkov, Konstantin"]
[Result "1-0"]
[LiveChessVersion "1.4.4"]
[BlackElo "2278"]
[WhiteElo "2588"]
[BlackTeam "Our heritage - Junior"]
[WhiteTeam "Ladya"]

1. c4 {[%clk 0:15:17]} Nf6 {[%clk 0:15:14]} 2. Nc3 {[%clk 0:15:24]} g6
{[%clk 0:15:21]} 3. e4 {[%clk 0:15:13]} d6 {[%clk 0:15:29]} 4. d4
{[%clk 0:15:18]} Bg7 {[%clk 0:15:36]} 5. Nf3 {[%clk 0:15:25]} O-O
{[%clk 0:15:42]} 6. h3 {[%clk 0:15:32]} e5 {[%clk 0:15:49]} 7. d5
{[%clk 0:15:39]} a5 {[%clk 0:15:55]} 8. g4 {[%clk 0:15:10]} Na6 {[%clk 0:15:30]}
9. Be3 {[%clk 0:15:14]} Nd7 {[%clk 0:15:38]} 10. Rg1 {[%clk 0:14:11]} Ndc5
{[%clk 0:14:46]} 11. h4 {[%clk 0:14:11]} c6 {[%clk 0:09:39]} 12. h5
{[%clk 0:14:04]} cxd5 {[%clk 0:07:48]} 13. cxd5 {[%clk 0:13:49]} Bd7
{[%clk 0:07:55]} 14. a4 {[%clk 0:13:21]} Rc8 {[%clk 0:07:05]} 15. Nd2
{[%clk 0:12:24]} Qb6 {[%clk 0:05:20]} 16. Nb5 {[%clk 0:09:35]} Bxb5
{[%clk 0:02:43]} 17. Bxb5 {[%clk 0:09:41]} Nb4 {[%clk 0:02:45]} 18. Nb3
{[%clk 0:08:42]} Kh8 {[%clk 0:00:36]} 19. Rh1 {[%clk 0:08:11]} 1-0

[Event "Team Championship of Russia (rapid)"]
[Site "Sochi"]
[Date "2015.05.08"]
[Round "3.24"]
[White "Shuvalova, Polina"]
[Black "Murtazin, Bulat"]
[Result "0-1"]
[LiveChessVersion "1.4.4"]
[BlackElo "2617"]
[WhiteElo "2269"]
[WhiteTeam "Our heritage - Junior"]

1. e4 {[%clk 0:15:18]} e6 {[%clk 0:15:18]} 2. d4 {[%clk 0:15:26]} d5
{[%clk 0:15:27]} 3. Nd2 {[%clk 0:15:35]} a6 {[%clk 0:15:34]} 4. Bd3
{[%clk 0:12:44]} c5 {[%clk 0:15:43]} 5. dxc5 {[%clk 0:11:19]} Bxc5
{[%clk 0:15:49]} 6. Ngf3 {[%clk 0:11:28]} Nc6 {[%clk 0:15:57]} 7. exd5
{[%clk 0:11:04]} exd5 {[%clk 0:16:06]} 8. O-O {[%clk 0:11:06]} Nge7
{[%clk 0:16:14]} 9. Nb3 {[%clk 0:11:04]} Bb6 {[%clk 0:16:22]} 10. c3
{[%clk 0:11:01]} O-O {[%clk 0:16:27]} 11. h3 {[%clk 0:10:46]} Qd6
{[%clk 0:15:50]} 12. Re1 {[%clk 0:10:29]} Bf5 {[%clk 0:15:41]} 13. Be3
{[%clk 0:10:05]} Bxe3 {[%clk 0:14:40]} 14. Rxe3 {[%clk 0:10:13]} Rad8
{[%clk 0:14:44]} 15. Qc2 {[%clk 0:09:08]} Bg6 {[%clk 0:13:43]} 16. Rae1
{[%clk 0:08:56]} Nc8 {[%clk 0:12:54]} 17. Bxg6 {[%clk 0:08:35]} hxg6
{[%clk 0:13:00]} 18. Qe2 {[%clk 0:06:04]} Nb6 {[%clk 0:13:00]} 19. Ng5
{[%clk 0:05:20]} Qf4 {[%clk 0:12:24]} 20. Rg3 {[%clk 0:04:55]} Nc4
{[%clk 0:11:46]} 21. Nc5 {[%clk 0:05:03]} Qf5 {[%clk 0:10:58]} 22. Nxb7
{[%clk 0:04:19]} Rb8 {[%clk 0:10:57]} 23. b3 {[%clk 0:04:27]} Rxb7
{[%clk 0:10:17]} 24. bxc4 {[%clk 0:04:36]} Re7 {[%clk 0:10:25]} 25. Re3
{[%clk 0:03:20]} Rxe3 {[%clk 0:09:40]} 26. Qxe3 {[%clk 0:03:29]} dxc4
{[%clk 0:09:48]} 27. Qg3 {[%clk 0:02:44]} f6 {[%clk 0:09:19]} 28. Ne6
{[%clk 0:01:33]} Re8 {[%clk 0:09:17]} 29. Qd6 {[%clk 0:01:11]} Ne5
{[%clk 0:09:25]} 30. Nd4 {[%clk 0:01:14]} Qd3 {[%clk 0:09:34]} 31. Re3 Qb1+
{[%clk 0:09:12]} 32. Kh2 {[%clk 0:01:00]} Qxa2 {[%clk 0:09:21]} 33. Qd5+
{[%clk 0:00:34]} Kh7 {[%clk 0:09:26]} 34. Re2 {[%clk 0:00:24]} Ng4+
{[%clk 0:09:02]} 35. hxg4 {[%clk 0:00:29]} Rxe2 {[%clk 0:09:11]} 36. Nxe2
{[%clk 0:00:25]} Qxe2 {[%clk 0:09:19]} 37. f3 {[%clk 0:00:25]} Qe5+
{[%clk 0:09:13]} 0-1

[Event "Team Championship of Russia (rapid)"]
[Site "Sochi"]
[Date "2015.05.08"]
[Round "3.25"]
[White "Yudin, Sergei"]
[Black "Glek, Igor"]
[Result "0-1"]
[LiveChessVersion "1.4.4"]
[BlackElo "2551"]
[WhiteElo "2642"]
[BlackTeam "Academy Glek"]
[WhiteTeam "Polytechnic"]

1. e4 {[%clk 0:15:18]} c5 {[%clk 0:15:17]} 2. Nf3 {[%clk 0:15:26]} e6
{[%clk 0:15:26]} 3. b3 {[%clk 0:15:35]} d6 {[%clk 0:15:19]} 4. Bb2
{[%clk 0:15:39]} Nf6 {[%clk 0:15:27]} 5. Bb5+ {[%clk 0:15:12]} Nbd7
{[%clk 0:15:20]} 6. Qe2 {[%clk 0:15:15]} a6 {[%clk 0:15:25]} 7. Bxd7+
{[%clk 0:15:18]} Bxd7 {[%clk 0:15:32]} 8. O-O {[%clk 0:15:20]} e5
{[%clk 0:15:30]} 9. d3 {[%clk 0:14:48]} Be7 {[%clk 0:15:29]} 10. c4
{[%clk 0:14:53]} b5 {[%clk 0:15:26]} 11. Nc3 {[%clk 0:15:01]} O-O
{[%clk 0:15:24]} 12. Nd2 {[%clk 0:15:03]} b4 {[%clk 0:14:54]} 13. Nd1
{[%clk 0:15:00]} a5 {[%clk 0:12:49]} 14. Ne3 {[%clk 0:15:07]} a4 {[%clk 0:12:58]}
15. Rab1 {[%clk 0:15:16]} axb3 {[%clk 0:12:54]} 16. axb3 {[%clk 0:15:24]} Ra2
{[%clk 0:13:03]} 17. f4 {[%clk 0:15:31]} exf4 {[%clk 0:12:56]} 18. Rxf4
{[%clk 0:15:39]} Be6 {[%clk 0:12:48]} 19. Nd5 {[%clk 0:13:41]} Nd7
{[%clk 0:12:12]} 20. Rf2 {[%clk 0:12:27]} Ne5 {[%clk 0:11:01]} 21. Bxe5
{[%clk 0:12:17]} dxe5 {[%clk 0:11:09]} 22. Qe1 {[%clk 0:12:23]} Bd6
{[%clk 0:08:11]} 23. Nf3 {[%clk 0:12:27]} Ra3 {[%clk 0:08:02]} 24. Qe3
{[%clk 0:12:11]} h6 {[%clk 0:07:57]} 25. h3 {[%clk 0:12:20]} Kh7 {[%clk 0:05:52]}
26. g4 {[%clk 0:12:14]} g6 {[%clk 0:05:41]} 27. Nd2 {[%clk 0:11:29]} Kg7
{[%clk 0:05:41]} 28. Rbf1 {[%clk 0:11:27]} Ra2 {[%clk 0:05:35]} 29. Qg3
{[%clk 0:10:54]} Rb2 {[%clk 0:05:23]} 30. h4 {[%clk 0:10:30]} Qc8
{[%clk 0:04:47]} 31. h5 {[%clk 0:09:53]} g5 {[%clk 0:03:34]} 32. Qf3
{[%clk 0:08:08]} f6 {[%clk 0:03:09]} 33. Ne3 {[%clk 0:08:01]} Qd7
{[%clk 0:03:01]} 34. Rb1 {[%clk 0:07:57]} Rxb1+ {[%clk 0:02:47]} 35. Nxb1
{[%clk 0:08:05]} Be7 {[%clk 0:02:56]} 36. Nd2 {[%clk 0:07:18]} Rd8
{[%clk 0:02:27]} 37. Ndf1 {[%clk 0:06:53]} Qxd3 {[%clk 0:02:02]} 38. Nf5+
{[%clk 0:06:59]} Kf7 {[%clk 0:01:19]} 39. Nxh6+ {[%clk 0:05:17]} Kf8
{[%clk 0:01:27]} 40. Nf5 {[%clk 0:04:54]} Qxf3 {[%clk 0:01:18]} 41. Rxf3
{[%clk 0:05:02]} Bxf5 {[%clk 0:01:13]} 42. gxf5 {[%clk 0:05:07]} Rd4
{[%clk 0:01:14]} 43. Re3 {[%clk 0:05:15]} Kg7 {[%clk 0:01:06]} 44. Nh2
{[%clk 0:02:57]} Kh6 {[%clk 0:01:13]} 45. Kg2 {[%clk 0:03:06]} Rd2+
{[%clk 0:00:33]} 46. Kg1 {[%clk 0:03:15]} Rd1+ {[%clk 0:00:34]} 47. Kg2
{[%clk 0:03:22]} Rd2+ {[%clk 0:00:42]} 48. Kg1 {[%clk 0:03:31]} g4
{[%clk 0:00:37]} 49. Nxg4+ {[%clk 0:03:36]} Kxh5 {[%clk 0:00:46]} 50. Nh2
{[%clk 0:03:29]} Rb2 {[%clk 0:00:38]} 51. Rh3+ {[%clk 0:01:31]} Kg5
{[%clk 0:00:46]} 52. Rh7 {[%clk 0:01:40]} Bf8 {[%clk 0:00:41]} 53. Rh3
{[%clk 0:00:55]} Kf4 {[%clk 0:00:23]} 54. Rh8 {[%clk 0:01:00]} Bd6
{[%clk 0:00:20]} 55. Rh6 {[%clk 0:00:52]} Be7 {[%clk 0:00:21]} 56. Rh7
{[%clk 0:01:01]} Rxb3 {[%clk 0:00:18]} 57. Rxe7 {[%clk 0:01:09]} Rc3 0-1

[Event "Team Championship of Russia (rapid)"]
[Site "Sochi"]
[Date "2015.05.08"]
[Round "3.26"]
[White "Sychev, Klementy"]
[Black "Goganov, Aleksey"]
[Result "0-1"]
[LiveChessVersion "1.4.4"]
[BlackElo "2500"]
[WhiteElo "2400"]
[BlackTeam "Polytechnic"]
[WhiteTeam "Academy Glek"]

1. d4 {[%clk 0:15:19]} Nf6 {[%clk 0:15:18]} 2. c4 {[%clk 0:15:29]} e6
{[%clk 0:15:27]} 3. Nf3 {[%clk 0:15:38]} b6 {[%clk 0:15:35]} 4. g3
{[%clk 0:15:48]} Ba6 {[%clk 0:15:41]} 5. Qc2 {[%clk 0:15:57]} c5 {[%clk 0:15:42]}
6. d5 {[%clk 0:16:05]} exd5 {[%clk 0:15:49]} 7. cxd5 {[%clk 0:16:14]} g6
{[%clk 0:15:53]} 8. Bg2 {[%clk 0:16:23]} d6 {[%clk 0:15:52]} 9. Nc3
{[%clk 0:16:30]} Bg7 {[%clk 0:15:58]} 10. O-O {[%clk 0:16:37]} O-O
{[%clk 0:16:06]} 11. a4 {[%clk 0:15:31]} Bb7 {[%clk 0:15:37]} 12. e4
{[%clk 0:15:37]} Na6 {[%clk 0:15:40]} 13. Bg5 {[%clk 0:12:20]} h6
{[%clk 0:15:28]} 14. Bf4 {[%clk 0:12:30]} Re8 {[%clk 0:13:43]} 15. h4
{[%clk 0:11:00]} Nb4 {[%clk 0:13:12]} 16. Qd2 {[%clk 0:11:09]} Kh7
{[%clk 0:12:46]} 17. Rfe1 {[%clk 0:11:16]} a6 {[%clk 0:12:39]} 18. Rad1
{[%clk 0:10:41]} Ng4 {[%clk 0:11:45]} 19. Nh2 {[%clk 0:09:48]} Ne5
{[%clk 0:11:23]} 20. Bxe5 {[%clk 0:09:04]} Rxe5 {[%clk 0:11:31]} 21. f4
{[%clk 0:08:19]} Re8 {[%clk 0:11:07]} 22. Nf3 {[%clk 0:07:58]} Bc8
{[%clk 0:10:18]} 23. Rf1 {[%clk 0:05:19]} Bg4 {[%clk 0:08:32]} 24. Rde1
{[%clk 0:05:24]} Bxf3 {[%clk 0:07:53]} 25. Rxf3 {[%clk 0:05:23]} Ra7
{[%clk 0:07:31]} 26. Ref1 {[%clk 0:05:18]} Qf6 {[%clk 0:07:03]} 27. e5
{[%clk 0:03:06]} Qf5 {[%clk 0:07:08]} 28. Re3 {[%clk 0:02:47]} Qc2
{[%clk 0:05:48]} 29. Qe1 {[%clk 0:01:18]} Nd3 {[%clk 0:05:35]} 30. Qd1
{[%clk 0:00:57]} Qxd1 {[%clk 0:05:31]} 31. Nxd1 {[%clk 0:01:05]} c4
{[%clk 0:05:05]} 32. b3 {[%clk 0:00:43]} b5 {[%clk 0:04:23]} 33. axb5
{[%clk 0:00:51]} axb5 {[%clk 0:04:32]} 34. Nc3 {[%clk 0:00:59]} Ra5
{[%clk 0:04:06]} 35. bxc4 {[%clk 0:00:26]} bxc4 {[%clk 0:04:12]} 36. Ne4
{[%clk 0:00:35]} dxe5 {[%clk 0:03:42]} 37. Nd6 {[%clk 0:00:44]} e4
{[%clk 0:03:19]} 38. Nxc4 {[%clk 0:00:20]} Bd4 {[%clk 0:02:55]} 39. Nxa5
{[%clk 0:00:29]} Bxe3+ {[%clk 0:03:03]} 40. Kh2 {[%clk 0:00:38]} Bf2
{[%clk 0:00:54]} 41. d6 {[%clk 0:00:22]} e3 {[%clk 0:00:58]} 42. Nc6
{[%clk 0:00:26]} Nc5 {[%clk 0:00:59]} 43. Bf3 {[%clk 0:00:16]} e2
{[%clk 0:01:03]} 44. Bxe2 {[%clk 0:00:24]} Rxe2 45. Kh3 Nd7 {[%clk 0:00:52]} 46.
Rd1 {[%clk 0:00:39]} Re3 {[%clk 0:00:43]} 47. Kg2 {[%clk 0:00:14]} Bxg3
{[%clk 0:00:49]} 48. Ne5 {[%clk 0:00:23]} Nxe5 {[%clk 0:00:54]} 49. fxe5
{[%clk 0:00:32]} Bxh4 {[%clk 0:00:58]} 0-1

[Event "Team Championship of Russia (rapid)"]
[Site "Sochi"]
[Date "2015.05.08"]
[Round "3.27"]
[White "Krutko, Anatoly"]
[Black "Alikulov, Elbek"]
[Result "1-0"]
[LiveChessVersion "1.4.4"]
[BlackElo "2357"]
[WhiteElo "2486"]
[BlackTeam "Academy Glek"]

1. c4 {[%clk 0:15:17]} Nf6 {[%clk 0:15:18]} 2. Nf3 {[%clk 0:15:26]} g6
{[%clk 0:15:26]} 3. d4 {[%clk 0:15:32]} Bg7 {[%clk 0:15:34]} 4. Nc3
{[%clk 0:15:40]} O-O {[%clk 0:15:33]} 5. Bg5 {[%clk 0:15:48]} d6 {[%clk 0:15:39]}
6. h3 {[%clk 0:15:42]} Nbd7 {[%clk 0:15:20]} 7. e3 {[%clk 0:15:50]} b6
{[%clk 0:14:57]} 8. Be2 {[%clk 0:15:51]} Bb7 {[%clk 0:15:07]} 9. Qc2
{[%clk 0:16:00]} Qe8 {[%clk 0:14:08]} 10. O-O {[%clk 0:15:51]} h6
{[%clk 0:14:16]} 11. Bh4 {[%clk 0:15:58]} Rc8 {[%clk 0:14:02]} 12. Rfd1
{[%clk 0:15:37]} Nh7 {[%clk 0:14:08]} 13. Rac1 {[%clk 0:14:55]} f5
{[%clk 0:14:01]} 14. Nd5 {[%clk 0:14:27]} g5 {[%clk 0:13:51]} 15. Bg3
{[%clk 0:14:35]} e6 {[%clk 0:13:43]} 16. Nc3 {[%clk 0:14:23]} Kh8
{[%clk 0:13:01]} 17. b4 {[%clk 0:13:15]} e5 {[%clk 0:12:21]} 18. c5
{[%clk 0:12:36]} f4 {[%clk 0:11:33]} 19. Bh2 {[%clk 0:12:41]} Ndf6
{[%clk 0:10:27]} 20. dxe5 {[%clk 0:11:03]} dxe5 {[%clk 0:10:35]} 21. exf4
{[%clk 0:11:11]} gxf4 {[%clk 0:10:12]} 22. Nh4 {[%clk 0:11:14]} e4
{[%clk 0:08:43]} 23. Bxf4 {[%clk 0:11:19]} Nh5 {[%clk 0:08:18]} 24. Be3
{[%clk 0:11:03]} Nf4 {[%clk 0:07:24]} 25. Bg4 {[%clk 0:11:11]} Nd3
{[%clk 0:06:09]} 26. Bxc8 {[%clk 0:10:57]} Bxc8 {[%clk 0:06:13]} 27. Rxd3
{[%clk 0:11:03]} exd3 {[%clk 0:06:19]} 28. Qxd3 {[%clk 0:11:11]} Rf7
{[%clk 0:05:50]} 29. Nd5 {[%clk 0:10:35]} Nf6 {[%clk 0:03:42]} 30. cxb6
{[%clk 0:10:10]} Nxd5 {[%clk 0:03:42]} 31. Qxd5 {[%clk 0:10:09]} axb6
{[%clk 0:03:06]} 32. a4 {[%clk 0:09:18]} Rd7 {[%clk 0:02:57]} 33. Qa8
{[%clk 0:09:16]} Kh7 {[%clk 0:02:11]} 34. a5 {[%clk 0:09:03]} bxa5
{[%clk 0:02:08]} 35. bxa5 {[%clk 0:09:11]} Bf6 {[%clk 0:02:13]} 36. Nf3
{[%clk 0:09:15]} Rg7 {[%clk 0:02:13]} 37. Nd2 {[%clk 0:08:48]} Qd7
{[%clk 0:02:07]} 38. a6 {[%clk 0:06:01]} Rg8 {[%clk 0:01:00]} 39. Qe4+
{[%clk 0:05:47]} Qf5 {[%clk 0:00:18]} 40. a7 {[%clk 0:05:50]} Qxe4
{[%clk 0:00:11]} 41. Nxe4 {[%clk 0:05:54]} 1-0

[Event "Team Championship of Russia (rapid)"]
[Site "Sochi"]
[Date "2015.05.08"]
[Round "3.28"]
[White "Vdovin, Vadim"]
[Black "Pogromsky, Mikhail"]
[Result "1/2-1/2"]
[LiveChessVersion "1.4.4"]
[BlackElo "2428"]
[WhiteElo "2175"]
[BlackTeam "Polytechnic"]
[WhiteTeam "Academy Glek"]

1. e4 {[%clk 0:15:18]} Nf6 {[%clk 0:15:10]} 2. e5 {[%clk 0:15:27]} Nd5
{[%clk 0:15:19]} 3. d4 {[%clk 0:15:37]} d6 {[%clk 0:15:29]} 4. c4
{[%clk 0:15:46]} Nb6 {[%clk 0:15:38]} 5. exd6 exd6 {[%clk 0:15:47]} 6. Nc3
{[%clk 0:16:04]} Be7 {[%clk 0:15:54]} 7. Bd3 {[%clk 0:16:12]} Nc6
{[%clk 0:15:56]} 8. Nge2 {[%clk 0:16:18]} Bg4 {[%clk 0:16:04]} 9. Be3
{[%clk 0:16:17]} Bf6 {[%clk 0:16:06]} 10. Qd2 {[%clk 0:16:16]} O-O
{[%clk 0:15:47]} 11. O-O {[%clk 0:16:25]} d5 {[%clk 0:15:39]} 12. c5
{[%clk 0:15:02]} Nc4 {[%clk 0:15:47]} 13. Bxc4 {[%clk 0:15:10]} dxc4
{[%clk 0:15:56]} 14. Rac1 {[%clk 0:13:24]} Re8 {[%clk 0:15:02]} 15. h3
{[%clk 0:12:38]} Bf5 {[%clk 0:13:40]} 16. Rfd1 {[%clk 0:11:52]} b6
{[%clk 0:12:17]} 17. Nf4 {[%clk 0:10:29]} Nxd4 {[%clk 0:09:48]} 18. Ncd5
{[%clk 0:09:38]} bxc5 {[%clk 0:09:34]} 19. Rxc4 {[%clk 0:08:52]} Be5
{[%clk 0:04:54]} 20. Rxc5 {[%clk 0:08:50]} Ne6 {[%clk 0:04:51]} 21. Ne7+
{[%clk 0:06:30]} Qxe7 {[%clk 0:02:38]} 22. Rxe5 {[%clk 0:06:37]} Qf6
{[%clk 0:02:42]} 23. Qa5 {[%clk 0:04:11]} c5 {[%clk 0:02:25]} 24. Rdd5
{[%clk 0:03:34]} Nxf4 {[%clk 0:01:55]} 25. Rxf5 {[%clk 0:02:52]} Ne2+
{[%clk 0:02:03]} 26. Kh2 {[%clk 0:02:59]} Qxb2 {[%clk 0:01:57]} 27. Qc7
{[%clk 0:01:44]} Rf8 {[%clk 0:00:59]} 28. Bxc5 {[%clk 0:00:55]} Rac8
{[%clk 0:01:04]} 29. Qe5 {[%clk 0:01:00]} Qxe5+ {[%clk 0:00:55]} 30. Rdxe5
{[%clk 0:01:07]} Rfe8 {[%clk 0:01:04]} 31. Rxe8+ {[%clk 0:01:03]} Rxe8
{[%clk 0:01:13]} 32. Bxa7 {[%clk 0:01:11]} Ra8 {[%clk 0:01:16]} 33. Bc5
{[%clk 0:00:20]} Rxa2 {[%clk 0:01:09]} 34. Re5 {[%clk 0:00:27]} f6
{[%clk 0:00:47]} 35. Re8+ {[%clk 0:00:24]} Kf7 {[%clk 0:00:56]} 36. Re7+
{[%clk 0:00:33]} Kg8 {[%clk 0:00:58]} 37. Be3 {[%clk 0:00:34]} Nc3
{[%clk 0:01:06]} 38. Rd7 {[%clk 0:00:42]} Ne4 {[%clk 0:00:59]} 39. f3
{[%clk 0:00:42]} Ng5 {[%clk 0:01:08]} 40. Bxg5 {[%clk 0:00:38]} fxg5
{[%clk 0:01:17]} 41. Rc7 {[%clk 0:00:38]} h6 {[%clk 0:01:26]} 42. Rd7 1/2-1/2